[Event "Quebec-ch op"]
[Site "Montreal"]
[Date "2013.07.25"]
[Round "6"]
[White "Piasetski, Leon David"]
[Black "Jiang, Louie"]
[Result "1/2-1/2"]
[WhiteElo "2279"]
[BlackElo "2324"]
[PlyCount "115"]
[EventDate "2013.07.21"]
[EventType "swiss"]
[EventRounds "9"]
[EventCountry "CAN"]
[SourceTitle "EXT 2014"]
[Source "ChessBase"]
[SourceDate "2013.11.20"]
[SourceVersion "1"]
[SourceVersionDate "2013.11.20"]
[SourceQuality "1"]

1. Nf3 Nf6 2. c4 b6 3. d4 e6 4. e3 Bb7 5. Bd3 Be7 6. 0-0 0-0 7. Nc3 d5 8. b3 c5 9. Bb2 cxd4 10. exd4 Nc6 11. Rc1 Rc8 12. Re1 Re8 13. a3 Bf8 14. Nb5 g6 15. c5 a6 16. Nc3 bxc5 17. dxc5 e5 18. Bf1 Bxc5 19. Nxd5 Bxf2+ 20. Kxf2 Nxd5 21. Kg1 f6 22. Kh1 Nf4 23. Qxd8 Rexd8 24. Red1 Kf7 25. Kg1 Ke7 26. g3 Ne6 27. Kf2 e4 28. Nd2 Ne5 29. Rxc8 Ng4+ 30. Ke2 Rxc8 31. Bh3 Nxh2 32. Bxe6 Kxe6 33. Nc4 Ng4 34. Rd6+ Ke7 35. Rb6 Rc7 36. Ne3 Nxe3 37. Bxf6+ Kf7 38. Kxe3 Rc6 39. Rxc6 Bxc6 40. Bc3 g5 41. a4 Kg6 42. g4 Bd7 43. Kxe4 Bxg4 44. b4 Bf5+ 45. Kf3 Bd7 46. b5 axb5 47. axb5 Bxb5 48. Kg3 Kf5 49. Be1 h5 50. Kh2 Kg4 51. Bd2 h4 52. Be3 Bd7 53. Bd2 Kh5 54. Be3 Bb5 55. Bd2 Bf1 56. Be3 g4 57. Bf2 g3+ 58. Bxg3 1/2-1/2

[Event "Quebec-ch op"]
[Site "Montreal"]
[Date "2013.07.23"]
[Round "4"]
[White "Villavieja, Butch"]
[Black "Jiang, Louie"]
[Result "0-1"]
[WhiteElo "2211"]
[BlackElo "2324"]
[PlyCount "78"]
[EventDate "2013.07.21"]
[EventType "swiss"]
[EventRounds "9"]
[EventCountry "CAN"]
[SourceTitle "EXT 2014"]
[Source "ChessBase"]
[SourceDate "2013.11.20"]
[SourceVersion "1"]
[SourceVersionDate "2013.11.20"]
[SourceQuality "1"]

1. e4 c5 2. Nf3 a6 3. Nc3 e6 4. d4 cxd4 5. Nxd4 Qc7 6. Bd3 Nf6 7. a3 b5 8. Be3 Bb7 9. Qe2 d6 10. f4 Nbd7 11. 0-0 Be7 12. Kh1 0-0 13. Bg1 Rfe8 14. Rae1 e5 15. Nf5 Bf8 16. Qd2 h6 17. Rf3 Re6 18. Rh3 Rae8 19. Rf1 Nc5 20. fxe5 Nfxe4 21. Nxe4 Nxe4 22. Qe2 Ng5 23. Rg3 dxe5 24. h4 e4 25. Bxb5 axb5 26. hxg5 Re5 27. Bh2 Qd7 28. Qg4 Bc8 29. gxh6 Rxf5 30. Rd1 Rf1+ 31. Rxf1 Qxg4 32. Rxg4 Bxg4 33. h7+ Kxh7 34. Rxf7 e3 35. Bg3 e2 36. Be1 Kg6 37. Rf4 Bc8 38. b4 Bd6 39. Rd4 Bb8 0-1

[Event "CAN-ch U18"]
[Site "Toronto"]
[Date "2012.12.26"]
[Round "9"]
[White "Jiang, Louie"]
[Black "Wang, Richard"]
[Result "1/2-1/2"]
[WhiteElo "2328"]
[BlackElo "2370"]
[PlyCount "69"]
[EventDate "2012.12.26"]
[EventType "tourn"]
[EventRounds "9"]
[EventCountry "CAN"]
[SourceTitle "CBM 152 Extra"]
[Source "ChessBase"]
[SourceDate "2013.02.25"]
[SourceVersion "1"]
[SourceVersionDate "2013.02.25"]
[SourceQuality "1"]

1. c4 c5 2. Nf3 Nc6 3. g3 e5 4. Nc3 g6 5. Bg2 Bg7 6. 0-0 Nge7 7. d3 0-0 8. a3 d6 9. Rb1 a5 10. Bd2 Rb8 11. Qc1 f6 12. Ne1 Be6 13. Nc2 d5 14. cxd5 Nxd5 15. Nxd5 Bxd5 16. Bxd5+ Qxd5 17. Ne3 Qd6 18. b4 cxb4 19. axb4 Nd4 20. Re1 Rfc8 21. Qb2 a4 22. Qa2+ Kh8 23. Qxa4 f5 24. f3 f4 25. Nf1 Ra8 26. Qd1 Nc2 27. Kg2 b5 28. Qc1 Nxe1+ 29. Qxe1 Ra2 30. Rc1 Rac2 31. Rxc2 Rxc2 32. Qb1 Rc6 33. Qa2 h6 34. Qa5 fxg3 35. Nxg3 1/2-1/2

[Event "CAN-ch U18"]
[Site "Toronto"]
[Date "2012.12.26"]
[Round "8"]
[White "Sapozhnikov, Roman"]
[Black "Jiang, Louie"]
[Result "1-0"]
[WhiteElo "2334"]
[BlackElo "2328"]
[PlyCount "115"]
[EventDate "2012.12.26"]
[EventType "tourn"]
[EventRounds "9"]
[EventCountry "CAN"]
[SourceTitle "CBM 152 Extra"]
[Source "ChessBase"]
[SourceDate "2013.02.25"]
[SourceVersion "1"]
[SourceVersionDate "2013.02.25"]
[SourceQuality "1"]

1. c4 Nf6 2. Nf3 e6 3. g3 b6 4. Bg2 c6 5. 0-0 d5 6. d4 Be7 7. Qc2 0-0 8. Nbd2 a5 9. e4 Bb7 10. e5 Nfd7 11. Re1 Na6 12. a3 Nc7 13. b3 c5 14. Bb2 b5 15. dxc5 bxc4 16. b4 Nb5 17. Nd4 Nxd4 18. Bxd4 Qc7 19. f4 g6 20. Nf3 Nb8 21. Bc3 Nc6 22. Qf2 Ba6 23. Nd4 Nxd4 24. Qxd4 Bb5 25. Bd2 Ra6 26. f5 exf5 27. Bf4 Qa7 28. Rad1 axb4 29. axb4 Ra4 30. Bd2 Bc6 31. Bc3 Rd8 32. e6 f6 33. g4 Ra3 34. g5 Rf8 35. Ba1 Rb3 36. Bxd5 Rxb4 37. gxf6 Rxf6 38. Bxc6 Bxc5 39. e7 Rb8 40. Kh1 Bxd4 41. Bxd4 Qa6 42. Bd5+ Kg7 43. Re6 Qa4 44. Rde1 Kh6 45. Bxf6 f4 46. Be5 Rc8 47. Bxf4+ Kh5 48. Bf3+ Kh4 49. Bg3+ Kg5 50. e8B Rxe8 51. Rxe8 c3 52. R8e4 Qa3 53. Rc4 c2 54. Be4 h5 55. Rxc2 h4 56. Be5 h3 57. Rg1+ Kh6 58. Rc3 1-0

[Event "Montreal Elite POM"]
[Site "Montreal"]
[Date "2012.10.08"]
[Round "6.5"]
[White "Chiku Ratte, Olivier Kenta"]
[Black "Jiang, Louie"]
[Result "0-1"]
[WhiteElo "2214"]
[BlackElo "2357"]
[PlyCount "84"]
[EventDate "2012.10.05"]
[EventType "swiss"]
[EventRounds "7"]
[EventCountry "CAN"]
[SourceTitle "EXT 2022"]
[Source "ChessBase"]
[SourceDate "2021.10.06"]
[SourceVersion "1"]
[SourceVersionDate "2021.10.06"]
[SourceQuality "1"]

1. d4 Nf6 2. c4 e6 3. Nc3 Bb4 4. e3 b6 5. Nge2 Ne4 6. Qc2 f5 7. a3 Bxc3+ 8. Nxc3 Bb7 9. Nxe4 Bxe4 10. Bd3 Bxd3 11. Qxd3 0-0 12. 0-0 d6 13. f3 Nd7 14. e4 f4 15. g3 g5 16. gxf4 gxf4 17. Kh1 Kh8 18. Rg1 Qf6 19. Bd2 Rg8 20. Bc3 Rxg1+ 21. Rxg1 Rg8 22. Rxg8+ Kxg8 23. b4 Kf8 24. c5 Ke7 25. c6 Nf8 26. d5 e5 27. Qf1 Qh4 28. Be1 Qh5 29. h4 Kf6 30. Qh3 Kg7 31. Kg2 Kh6 32. Bf2 Kg7 33. Qc8 Qf7 34. Qa8 Qe7 35. Qxa7 Ng6 36. Kh3 Qd8 37. Qb7 Kh6 38. Kg4 Nxh4 39. Bxh4 Qg8+ 40. Kh3 Qg1 41. Be1 Qh1+ 42. Kg4 Qh5# 0-1

[Event "Montreal Elite POM"]
[Site "Montreal"]
[Date "2012.10.06"]
[Round "3.2"]
[White "Jiang, Louie"]
[Black "Hambleton, Aman"]
[Result "0-1"]
[WhiteElo "2357"]
[BlackElo "2293"]
[PlyCount "86"]
[EventDate "2012.10.05"]
[EventType "swiss"]
[EventRounds "7"]
[EventCountry "CAN"]
[SourceTitle "EXT 2022"]
[Source "ChessBase"]
[SourceDate "2021.10.06"]
[SourceVersion "1"]
[SourceVersionDate "2021.10.06"]
[SourceQuality "1"]

1. e4 e6 2. f4 d5 3. e5 c5 4. Nf3 h5 5. c3 Nh6 6. Na3 Qd7 7. Bb5 Nc6 8. Qa4 a6 9. d3 Ra7 10. Bxc6 Qxc6 11. Qxc6+ bxc6 12. c4 a5 13. Nc2 a4 14. Ne3 Be7 15. Bd2 Bd7 16. Ke2 0-0 17. Rag1 Rb8 18. Bc1 Nf5 19. g4 hxg4 20. Rxg4 Bc8 21. Rhg1 Bf8 22. Nh4 Nxe3 23. Kxe3 dxc4 24. dxc4 Rb4 25. Kd3 Ba6 26. f5 Rd7+ 27. Ke3 Rxc4 28. Rxc4 Bxc4 29. a3 Rd3+ 30. Kf2 Rh3 31. Rg4 Rxh2+ 32. Kg3 Rc2 33. Be3 exf5 34. Nxf5 Be6 35. Rf4 Bxf5 36. Rxf5 Rxb2 37. Kg4 Rb3 38. Bg1 Rxa3 39. e6 f6 40. Rf1 c4 41. Rb1 Rb3 42. Rd1 Rd3 43. Rb1 Bd6 0-1

[Event "CAN-ch"]
[Site "Montreal"]
[Date "2012.08.11"]
[Round "9"]
[White "Kraiouchkine, Nikita"]
[Black "Jiang, Louie"]
[Result "1/2-1/2"]
[WhiteElo "2332"]
[BlackElo "2327"]
[PlyCount "111"]
[EventDate "2012.08.04"]
[EventType "swiss"]
[EventRounds "9"]
[EventCountry "CAN"]
[SourceTitle "EXT 2022"]
[Source "ChessBase"]
[SourceDate "2021.10.06"]
[SourceVersion "1"]
[SourceVersionDate "2021.10.06"]
[SourceQuality "1"]

1. e4 c5 2. Nf3 a6 3. c3 d5 4. exd5 Qxd5 5. d4 Nf6 6. Be3 cxd4 7. cxd4 e6 8. Nc3 Qd6 9. Ne5 Nc6 10. Qa4 Bd7 11. Nxd7 Qxd7 12. Be2 Be7 13. Bf3 Rc8 14. 0-0 0-0 15. Rfd1 Rfd8 16. a3 h6 17. Rac1 Bd6 18. Ne4 Nxe4 19. Bxe4 Ne7 20. Qxd7 Rxd7 21. Rxc8+ Nxc8 22. d5 Ne7 23. dxe6 Bxh2+ 24. Kxh2 Rxd1 25. Bc5 Kf8 26. Bxb7 a5 27. exf7 Kxf7 28. b4 axb4 29. axb4 Rb1 30. Be4 Rb2 31. f4 Ke6 32. Bd3 Nc6 33. b5 Na5 34. Bf8 Kf7 35. Bc5 Rb3 36. Be2 Kg6 37. Bd4 Nb7 38. b6 Rb4 39. Be3 Rb3 40. Bd4 Nd8 41. Bf3 Ne6 42. Be4+ Kh5 43. Bd5 Rb4 44. g4+ Kxg4 45. Bxe6+ Kxf4 46. Bf2 Rb2 47. Kg1 Rb1+ 48. Kg2 Ke5 49. Bg4 Kd6 50. Bf5 Rb2 51. Be4 Kd7 52. Bb7 Kd6 53. Ba8 Kd7 54. Bb7 Kd6 55. Be4 Kd7 56. Kf3 1/2-1/2

[Event "CAN-ch"]
[Site "Montreal"]
[Date "2012.08.09"]
[Round "7"]
[White "Chabot, Roland"]
[Black "Jiang, Louie"]
[Result "0-1"]
[WhiteElo "2231"]
[BlackElo "2327"]
[PlyCount "78"]
[EventDate "2012.08.04"]
[EventType "swiss"]
[EventRounds "9"]
[EventCountry "CAN"]
[SourceTitle "EXT 2022"]
[Source "ChessBase"]
[SourceDate "2021.10.06"]
[SourceVersion "1"]
[SourceVersionDate "2021.10.06"]
[SourceQuality "1"]

1. d4 Nf6 2. c4 e6 3. Nc3 Bb4 4. e3 b6 5. Nge2 Ba6 6. a3 Be7 7. Nf4 c5 8. d5 e5 9. Nh5 Nxh5 10. Qxh5 d6 11. e4 g6 12. Qf3 h5 13. Bd3 Nd7 14. Be3 Kf8 15. h3 Kg7 16. 0-0-0 Bc8 17. g3 h4 18. Ne2 Bg5 19. gxh4 Bxe3+ 20. Qxe3 Qxh4 21. Kb1 Qh6 22. Qf3 Nf6 23. Rdg1 Qh4 24. Ng3 Kf8 25. Ne2 Bd7 26. Qe3 Nh5 27. Ng3 Nf4 28. Bf1 Ke7 29. Ne2 Rh6 30. Nc3 Rah8 31. Ka1 Qf6 32. Rh2 g5 33. b4 Bxh3 34. bxc5 bxc5 35. f3 Bd7 36. Rb2 Rh1 37. Rb7 Qh6 38. Na4 Qh2 39. Rxh1 Qxh1 0-1

[Event "CAN-ch"]
[Site "Montreal"]
[Date "2012.08.08"]
[Round "6"]
[White "Kovalyov, Anton"]
[Black "Jiang, Louie"]
[Result "1-0"]
[WhiteElo "2605"]
[BlackElo "2337"]
[PlyCount "103"]
[EventDate "2012.08.04"]
[EventType "swiss"]
[EventRounds "9"]
[EventCountry "CAN"]
[SourceTitle "CBM 149 Extra"]
[Source "ChessBase"]
[SourceDate "2012.08.24"]
[SourceVersion "1"]
[SourceVersionDate "2012.08.24"]
[SourceQuality "1"]

1. c4 Nf6 2. Nc3 e6 3. Nf3 d5 4. d4 Nbd7 5. cxd5 exd5 6. Bg5 c6 7. Qc2 Be7 8. e3 0-0 9. Bd3 Re8 10. h3 Nf8 11. Bf4 Ng6 12. Bh2 Bd6 13. Bxd6 Qxd6 14. 0-0-0 Be6 15. Kb1 b5 16. Rc1 a6 17. Ne2 Ne4 18. Nc3 f5 19. h4 Nf8 20. Ng5 Bd7 21. Nd1 Qg6 22. f4 Qd6 23. Nf3 h5 24. Ne5 Rec8 25. Nc3 Be8 26. Nxe4 dxe4 27. Be2 Ne6 28. d5 Nd8 29. dxc6 Nxc6 30. Qb3+ Kh7 31. Nf7 Qf6 32. Ng5+ Kh8 33. Rhd1 g6 34. Rc5 Rd8 35. Rdc1 Rd2 36. R5c2 Rad8 37. Qe6 Qxe6 38. Nxe6 R8d6 39. Nc7 Bf7 40. Nxa6 b4 41. b3 Kg7 42. Rxd2 Rxd2 43. Rc2 Rd6 44. Kc1 Kf6 45. Rd2 Ke7 46. Rxd6 Kxd6 47. Bb5 Ne7 48. Kd2 Be6 49. Nxb4 Bxb3 50. axb3 Kc5 51. Nc6 Nxc6 52. Bxc6 1-0

[Event "CAN-ch"]
[Site "Montreal"]
[Date "2012.08.05"]
[Round "2"]
[White "Humphreys, Michael"]
[Black "Jiang, Louie"]
[Result "0-1"]
[WhiteElo "2179"]
[BlackElo "2337"]
[PlyCount "56"]
[EventDate "2012.08.04"]
[EventType "swiss"]
[EventRounds "9"]
[EventCountry "CAN"]
[SourceTitle "CBM 149 Extra"]
[Source "ChessBase"]
[SourceDate "2012.08.24"]
[SourceVersion "1"]
[SourceVersionDate "2012.08.24"]
[SourceQuality "1"]

1. Nf3 Nf6 2. c4 e6 3. g3 b6 4. Bg2 Bb7 5. 0-0 Be7 6. b3 0-0 7. Bb2 c5 8. e3 Na6 9. Nc3 Rc8 10. Qe2 d5 11. d3 Nb4 12. Rfd1 Nc6 13. cxd5 Nxd5 14. Nxd5 Qxd5 15. Rd2 Rfd8 16. d4 cxd4 17. Qd1 Qa5 18. Nxd4 Nxd4 19. Rxd4 Bxg2 20. Qg4 Rxd4 21. Bxd4 Bf8 22. Kxg2 Rc2 23. Qd1 Rxa2 24. Rxa2 Qxa2 25. Bxg7 Kxg7 26. Qg4+ Kh8 27. Qf4 Qa3 28. Qxf7 Qe7 0-1

[Event "CAN-ch"]
[Site "Montreal"]
[Date "2012.08.04"]
[Round "1"]
[White "Jiang, Louie"]
[Black "Derraugh, Geordie"]
[Result "1-0"]
[WhiteElo "2337"]
[BlackElo "2097"]
[PlyCount "99"]
[EventDate "2012.08.04"]
[EventType "swiss"]
[EventRounds "9"]
[EventCountry "CAN"]
[SourceTitle "CBM 149 Extra"]
[Source "ChessBase"]
[SourceDate "2012.08.24"]
[SourceVersion "1"]
[SourceVersionDate "2012.08.24"]
[SourceQuality "1"]

1. e4 c5 2. Nc3 d6 3. f4 Nc6 4. Bb5 Bd7 5. d3 g6 6. Nf3 Bg7 7. 0-0 Nf6 8. Qe1 0-0 9. Bxc6 Bxc6 10. Qh4 e6 11. Bd2 Nd7 12. Qh3 Re8 13. g4 f6 14. f5 g5 15. Rae1 Nf8 16. Qg3 e5 17. b3 Nd7 18. Nd5 Bxd5 19. exd5 h6 20. Kg2 Kf7 21. h4 Rh8 22. Be3 Qa5 23. Ra1 Qc3 24. Rfc1 Nb6 25. Bd2 Qb2 26. c4 Rae8 27. Re1 Nc8 28. Qf2 Re7 29. Reb1 Qa3 30. Bc1 Qa6 31. Nd2 Rg8 32. Ne4 Bf8 33. Be3 Re8 34. a4 Ne7 35. b4 Nxd5 36. cxd5 Qxd3 37. Qf3 c4 38. Bxa7 Qc2+ 39. Bf2 gxh4 40. Kh3 Rc8 41. a5 c3 42. Rc1 Qb2 43. Rab1 Qa2 44. Rxc3 Be7 45. Rbc1 Rxc3 46. Rxc3 Qb1 47. g5 Bf8 48. g6+ Ke7 49. Rc7+ Kd8 50. Bb6 1-0

[Event "Quebec-ch op"]
[Site "Montreal"]
[Date "2012.07.27"]
[Round "8"]
[White "Jiang, Louie"]
[Black "Kraiouchkine, Nikita"]
[Result "1/2-1/2"]
[WhiteElo "2337"]
[BlackElo "2204"]
[PlyCount "71"]
[EventDate "2012.07.21"]
[EventType "swiss"]
[EventRounds "9"]
[EventCountry "CAN"]
[SourceTitle "CBM 149 Extra"]
[Source "ChessBase"]
[SourceDate "2012.08.24"]
[SourceVersion "1"]
[SourceVersionDate "2012.08.24"]
[SourceQuality "1"]

1. e4 e5 2. Nf3 Nc6 3. Bc4 Nf6 4. d3 Be7 5. 0-0 0-0 6. Re1 d6 7. a4 h6 8. a5 Re8 9. c3 Bf8 10. Nbd2 Be6 11. h3 Bxc4 12. Nxc4 d5 13. Ncd2 Qd6 14. Qb3 Qc5 15. Qa4 Rad8 16. Nb3 Qd6 17. Be3 Qe6 18. Bc5 dxe4 19. dxe4 b6 20. axb6 axb6 21. Bxf8 Rxf8 22. Nbd2 Nh5 23. g3 Rd3 24. Kh2 Qf6 25. Kg2 Qg6 26. Kh2 Qf6 27. Kg2 Qg6 28. Kf1 Nxg3+ 29. fxg3 Qxg3 30. Qxc6 Rxf3+ 31. Nxf3 Qxf3+ 32. Kg1 Qg3+ 33. Kf1 Qf3+ 34. Kg1 Qg3+ 35. Kf1 Qf3+ 36. Kg1 1/2-1/2

[Event "Quebec-ch op"]
[Site "Montreal"]
[Date "2012.07.22"]
[Round "3"]
[White "Panjwani, Raja"]
[Black "Jiang, Louie"]
[Result "0-1"]
[WhiteElo "2392"]
[BlackElo "2337"]
[PlyCount "74"]
[EventDate "2012.07.21"]
[EventType "swiss"]
[EventRounds "9"]
[EventCountry "CAN"]
[SourceTitle "CBM 149 Extra"]
[Source "ChessBase"]
[SourceDate "2012.08.24"]
[SourceVersion "1"]
[SourceVersionDate "2012.08.24"]
[SourceQuality "1"]

1. c4 Nf6 2. Nf3 e6 3. g3 b6 4. Bg2 Bb7 5. 0-0 Be7 6. Nc3 0-0 7. Re1 c5 8. e4 d6 9. h3 a6 10. d3 Nfd7 11. Nh2 Nc6 12. f4 Nd4 13. Nf3 Bf6 14. Kh2 b5 15. cxb5 Nxb5 16. Bd2 Rb8 17. Rc1 Bc6 18. b3 Nxc3 19. Bxc3 Bxc3 20. Rxc3 a5 21. d4 a4 22. d5 exd5 23. exd5 Bb5 24. bxa4 Qa5 25. Ra3 Nb6 26. Re4 Bc4 27. Qd2 Qxd2 28. Nxd2 Bxd5 29. a5 Bxe4 30. Bxe4 Nc8 31. Rb3 Rxb3 32. axb3 d5 33. Bf3 Ne7 34. a6 Ra8 35. Be2 c4 36. Nxc4 dxc4 37. Bxc4 Nc6 0-1

[Event "Montreal McGill op"]
[Site "Montreal"]
[Date "2012.05.13"]
[Round "4"]
[White "Jiang, Louie"]
[Black "Hamilton, Robert"]
[Result "1-0"]
[WhiteElo "2373"]
[BlackElo "2390"]
[PlyCount "87"]
[EventDate "2012.05.??"]
[EventType "swiss"]
[EventRounds "5"]
[EventCountry "CAN"]
[SourceTitle "EXT 2022"]
[Source "ChessBase"]
[SourceDate "2021.10.06"]
[SourceVersion "1"]
[SourceVersionDate "2021.10.06"]
[SourceQuality "1"]

1. e4 c6 2. d4 d5 3. exd5 cxd5 4. Bd3 Nc6 5. c3 Nf6 6. Bf4 Bg4 7. Qb3 Qc8 8. Nd2 e6 9. Ngf3 Be7 10. h3 Bh5 11. 0-0 Bg6 12. Bxg6 hxg6 13. Rac1 0-0 14. Ne5 b6 15. Qb5 Na5 16. b4 Nb7 17. Qd3 Nd6 18. b5 Qb7 19. Qe2 a6 20. Nxg6 Rfc8 21. bxa6 Qd7 22. Nxe7+ Qxe7 23. Rb1 Nd7 24. Rfc1 Nc4 25. Rb4 b5 26. a4 Rxa6 27. axb5 Ra2 28. Qd1 Ncb6 29. Rb3 Qf6 30. Be3 Qf5 31. Qf1 Rca8 32. c4 dxc4 33. Nxc4 Qd5 34. Nxb6 Nxb6 35. Qd3 Qb7 36. Bf4 Nd5 37. Qg3 Ra1 38. Kh2 Rxc1 39. Bxc1 Ra5 40. Bh6 f6 41. b6 Ra8 42. Qg4 Re8 43. Rg3 Re7 44. Bxg7 1-0

[Event "Quebec-ch classe"]
[Site "Montreal"]
[Date "2012.01.22"]
[Round "5"]
[White "Hebert, Jean"]
[Black "Jiang, Louie"]
[Result "1-0"]
[WhiteElo "2412"]
[BlackElo "2349"]
[PlyCount "93"]
[EventDate "2012.01.20"]
[EventType "swiss"]
[EventRounds "5"]
[EventCountry "CAN"]
[SourceTitle "EXT 2022"]
[Source "ChessBase"]
[SourceDate "2021.10.06"]
[SourceVersion "1"]
[SourceVersionDate "2021.10.06"]
[SourceQuality "1"]

1. Nf3 Nf6 2. c4 e6 3. d4 b6 4. e3 Bb7 5. Bd3 Bb4+ 6. Bd2 Bxd2+ 7. Nbxd2 d5 8. cxd5 Nxd5 9. Qa4+ Qd7 10. Qb3 Nc6 11. Rc1 f6 12. 0-0 a6 13. Rfd1 0-0-0 14. a3 g5 15. Be4 h5 16. h4 g4 17. Ne1 Nde7 18. Nd3 g3 19. fxg3 Kb8 20. Nf4 Nd5 21. Bxd5 exd5 22. Rf1 Ne7 23. Qd3 Bc6 24. Rf3 Bb5 25. Qc2 Qd6 26. Kh2 Rc8 27. b4 Bd7 28. e4 dxe4 29. Nxe4 Qxd4 30. Rd1 Ba4 31. Qxa4 Qxe4 32. Qxa6 Nc6 33. Qd3 Qe8 34. Qe2 Ne5 35. Rc3 Ng4+ 36. Kg1 Qe5 37. Qxe5 fxe5 38. Nh3 Rhd8 39. Rxd8 Rxd8 40. Nf2 Nf6 41. Rd3 Rxd3 42. Nxd3 e4 43. Ne5 c5 44. b5 Kc7 45. Nc4 Nd5 46. g4 hxg4 47. h5 1-0

[Event "Quebec-ch classe"]
[Site "Montreal"]
[Date "2012.01.22"]
[Round "4"]
[White "Jiang, Louie"]
[Black "Kovalyov, Anton"]
[Result "1-0"]
[WhiteElo "2349"]
[BlackElo "2599"]
[PlyCount "67"]
[EventDate "2012.01.20"]
[EventType "swiss"]
[EventRounds "5"]
[EventCountry "CAN"]
[SourceTitle "EXT 2022"]
[Source "ChessBase"]
[SourceDate "2021.10.06"]
[SourceVersion "1"]
[SourceVersionDate "2021.10.06"]
[SourceQuality "1"]

1. e4 c5 2. Nf3 d6 3. d4 cxd4 4. Nxd4 Nf6 5. f3 e5 6. Nb3 Be7 7. c4 a5 8. Be3 0-0 9. Nc3 a4 10. Nd2 Qa5 11. Be2 Bd7 12. Rb1 Na6 13. 0-0 Rfc8 14. Qe1 Bd8 15. Qf2 Rc6 16. c5 dxc5 17. Nc4 Qc7 18. f4 Be6 19. Nxe5 Rb6 20. Nd3 Bc4 21. h3 Rd6 22. Rbd1 Rd7 23. Ne5 Rxd1 24. Rxd1 Be6 25. Nc4 Be7 26. e5 Ne8 27. Nb5 Qc6 28. f5 Bc8 29. Nc3 Nac7 30. Bf3 Qa6 31. Nd6 Bxd6 32. exd6 Nxd6 33. Bf4 Nce8 34. Bxd6 1-0

[Event "Quebec-ch classe"]
[Site "Montreal"]
[Date "2012.01.21"]
[Round "1"]
[White "Jiang, Louie"]
[Black "Gagnon, Serge"]
[Result "1-0"]
[WhiteElo "2349"]
[BlackElo "2057"]
[PlyCount "55"]
[EventDate "2012.01.20"]
[EventType "swiss"]
[EventRounds "5"]
[EventCountry "CAN"]
[SourceTitle "EXT 2022"]
[Source "ChessBase"]
[SourceDate "2021.10.06"]
[SourceVersion "1"]
[SourceVersionDate "2021.10.06"]
[SourceQuality "1"]

1. e4 d6 2. Nc3 Nf6 3. f4 g6 4. Nf3 c6 5. a4 Bg7 6. Bc4 d5 7. exd5 cxd5 8. Bb5+ Nbd7 9. d4 0-0 10. 0-0 Nb6 11. Qe2 Bf5 12. a5 Nc8 13. a6 b6 14. Ne5 Be4 15. Bc6 Rb8 16. Nb5 Nd6 17. Nxa7 Qc7 18. Nb5 Nxb5 19. Qxb5 Bxc2 20. a7 Ra8 21. Bxa8 Rxa8 22. Qc6 Qxc6 23. Nxc6 Kf8 24. Bd2 Ke8 25. Bb4 Kd7 26. Ne5+ Ke6 27. Rfc1 Bb3 28. Rc7 1-0

[Event "Montreal Pere Noel"]
[Site "Montreal"]
[Date "2011.12.30"]
[Round "5"]
[White "Jiang, Louie"]
[Black "Wu, Qiyou"]
[Result "1-0"]
[WhiteElo "2360"]
[BlackElo "2005"]
[PlyCount "63"]
[EventDate "2011.12.26"]
[EventType "swiss"]
[EventRounds "5"]
[EventCountry "CAN"]
[SourceTitle "EXT 2022"]
[Source "ChessBase"]
[SourceDate "2021.10.06"]
[SourceVersion "1"]
[SourceVersionDate "2021.10.06"]
[SourceQuality "1"]

1. e4 c5 2. Nc3 Nc6 3. f4 d6 4. Nf3 g6 5. Bb5 Bd7 6. 0-0 Bg7 7. d3 Nf6 8. Qe1 0-0 9. Qh4 e6 10. Bxc6 bxc6 11. Be3 Rb8 12. Rab1 Nh5 13. Qxd8 Rfxd8 14. e5 Bh6 15. g3 dxe5 16. Nxe5 Bf8 17. Ne4 f6 18. Nc4 f5 19. Nxc5 Bg7 20. Rfe1 Nf6 21. Ne5 Kf8 22. Nexd7+ Rxd7 23. Nxd7+ Nxd7 24. Bxa7 Ra8 25. Bf2 Ke7 26. a3 c5 27. c3 Kd6 28. Rbd1 Rb8 29. Re2 e5 30. fxe5+ Nxe5 31. Bxc5+ Kxc5 32. d4+ 1-0

[Event "Montreal Pere Noel"]
[Site "Montreal"]
[Date "2011.12.26"]
[Round "1"]
[White "Jiang, Louie"]
[Black "Ramaswamy, Kiran"]
[Result "1-0"]
[WhiteElo "2360"]
[BlackElo "1947"]
[PlyCount "55"]
[EventDate "2011.12.26"]
[EventType "swiss"]
[EventRounds "5"]
[EventCountry "CAN"]
[SourceTitle "EXT 2022"]
[Source "ChessBase"]
[SourceDate "2021.10.06"]
[SourceVersion "1"]
[SourceVersionDate "2021.10.06"]
[SourceQuality "1"]

1. e4 c5 2. Nc3 Nc6 3. f4 d6 4. Bb5 Bd7 5. Nf3 Nf6 6. 0-0 e6 7. d3 Nd4 8. Bxd7+ Qxd7 9. Be3 e5 10. h3 Be7 11. fxe5 Nxf3+ 12. Qxf3 dxe5 13. Nd5 b6 14. Bg5 Nxd5 15. Qxf7+ Kd8 16. Qxg7 Re8 17. exd5 Qxd5 18. Rae1 Bxg5 19. Qxg5+ Kd7 20. Qg4+ Kd6 21. Re4 Qxa2 22. c4 Rf8 23. Rxf8 Rxf8 24. Qh5 Qb1+ 25. Kh2 Qxb2 26. Qh6+ Ke7 27. Qg7+ Rf7 28. Rxe5+ 1-0

[Event "Quebec-ch Elite"]
[Site "Montreal"]
[Date "2011.10.09"]
[Round "5"]
[White "Qin, Zi Yi"]
[Black "Jiang, Louie"]
[Result "0-1"]
[WhiteElo "2245"]
[BlackElo "2351"]
[PlyCount "70"]
[EventDate "2011.10.07"]
[EventType "swiss"]
[EventRounds "7"]
[EventCountry "CAN"]
[SourceTitle "EXT 2022"]
[Source "ChessBase"]
[SourceDate "2021.10.06"]
[SourceVersion "1"]
[SourceVersionDate "2021.10.06"]
[SourceQuality "1"]

1. e4 c5 2. Nf3 a6 3. c3 d5 4. exd5 Nf6 5. d4 cxd4 6. cxd4 Nxd5 7. Nc3 Nc6 8. Bc4 Be6 9. Bb3 Nxc3 10. bxc3 Bxb3 11. axb3 e6 12. 0-0 Be7 13. Bf4 0-0 14. Ne5 Rc8 15. Qf3 Nxe5 16. Bxe5 Qb6 17. Rab1 Rfd8 18. Rfd1 Bd6 19. Bxd6 Qxd6 20. h3 b5 21. Rbc1 Qa3 22. Rb1 h6 23. Kh2 Rc7 24. Rdc1 Rdc8 25. Qg3 Qa2 26. Qf3 Rxc3 27. Rxc3 Rxc3 28. Qxc3 Qxb1 29. b4 Kh7 30. Qa3 Qe1 31. Qf3 Qxb4 32. Qxf7 Qd6+ 33. Kh1 b4 34. h4 Qd5 35. h5 Qf5 0-1

[Event "Manhattan op"]
[Site "New York"]
[Date "2011.08.18"]
[Round "2"]
[White "Markzon, Gregory"]
[Black "Jiang, Louie"]
[Result "1/2-1/2"]
[WhiteElo "2241"]
[BlackElo "2348"]
[PlyCount "82"]
[EventDate "2011.08.17"]
[EventType "swiss"]
[EventRounds "9"]
[EventCountry "USA"]
[SourceTitle "CBM 143 Extra"]
[Source "ChessBase"]
[SourceDate "2011.08.29"]
[SourceVersion "1"]
[SourceVersionDate "2011.08.29"]
[SourceQuality "1"]

1. d4 Nf6 2. c4 e6 3. Nc3 Bb4 4. a3 Bxc3+ 5. bxc3 c5 6. e3 Nc6 7. Bd3 0-0 8. Ne2 b6 9. e4 Ne8 10. Ng3 d6 11. 0-0 Ba6 12. f4 cxd4 13. cxd4 Rc8 14. f5 Nxd4 15. f6 Bxc4 16. Bxc4 Rxc4 17. Bg5 Nc2 18. fxg7 Qxg5 19. gxf8Q+ Kxf8 20. Rc1 Qc5+ 21. Rf2 Nxa3 22. Ra1 Nb5 23. Qf3 f6 24. Raf1 Rc2 25. Qf4 a5 26. e5 Rxf2 27. Rxf2 Qxe5 28. Qh6+ Ke7 29. Qxh7+ Kd8 30. Qd3 Nc3 31. h4 f5 32. Qf3 Nf6 33. h5 Ng4 34. h6 Qe1+ 35. Rf1 Qxg3 36. Qa8+ Ke7 37. Qb7+ Ke8 38. Qc8+ Ke7 39. Qc7+ Ke8 40. Qc8+ Ke7 41. Qc7+ Ke8 1/2-1/2